000 01244nam a22003254a 4500
001 ebr10240439
003 CaPaEBR
006 m u
007 cr cn|||||||||
008 050413s2006 maua sb 001 0 eng
010 _z 2005010455
016 7 _z101245859
_2DNLM
020 _z140513500X
020 _z9781405135009
040 _aCaPaEBR
_cCaPaEBR
035 _a(OCoLC)238234800
050 1 4 _aRC683.5.U5
_bR46 2006eb
082 0 4 _a616.1/207543
_222
100 1 _aRen, Jian-Fang.
245 1 0 _aPractical intracardiac echocardiography in electrophysiology
_h[electronic resource] /
_cJian-Fang Ren ... [et al.].
260 _aMalden, Mass. :
_bBlackwell Pub.,
_cc2006.
300 _aix, 240 p. :
_bill. (some col.).
504 _aIncludes bibliographical references and index.
533 _aElectronic reproduction.
_bPalo Alto, Calif. :
_cebrary,
_d2013.
_nAvailable via World Wide Web.
_nAccess may be limited to ebrary affiliated libraries.
650 0 _aEchocardiography.
650 0 _aCardiac catheterization.
655 7 _aElectronic books.
_2local
710 2 _aebrary, Inc.
856 4 0 _uhttp://site.ebrary.com/lib/rucke/Doc?id=10240439
_zAn electronic book accessible through the World Wide Web; click to view
999 _c35990
_d35990